000 00717nam a22002537a 4500
003 AR-Ro-UNCS
005 20260206114947.0
007 ta
008 140722s2012 ag o gr 000 jdspa
015 _aAR-2012
020 _a978-987-580-539-2
040 _aAR-BaBN
_bspa
_cAR-BaBN
_eaacr
044 _aag
_car-c
080 1 _a82-34(821)
_22016
100 1 _aPuig, Manuel,
_d1932-1990
_eautor
_4aut
245 1 4 _aLos ojos de Greta Garbo :
_brelatos /
_cManuel Puig.
250 _a1a ed.
260 _aBuenos Aires :
_bBooket,
_c2012.
300 _a137 p. :
_bfot. byn ;
_c19 cm.
490 0 _aBiblioteca Manuel Puig. Cuentos
650 7 _2embne
_aLiteratura argentina
655 7 _aCuentos
_2embne
942 _2udc
_cLPD
_n0
999 _c883
_d883